00535nam a2200145 a 450000100100000000500170001000800410002704000250006824500720009326000730016530000200023804900090025895201050026799900170037200002952620200930055619.0110418s1993 dr a 000 0 spa d aDO-SdBNPbspacBNPHU00aTeatro y naturaleza :ben la identidad de los pueblos de América. aSanto Domingo :bFundación Ciencia y Arte,c1993.fEmpresas Unidas a10 p. ;c22 cm. aBNPD 0010718PDaPDbPDcCTd2011-04-18iLF1l0o p29526-10r2020-06-25w2020-06-25yLFPDZNo se presta c29018d29018